Unlicking Legal Learning / (Record no. 613745)

000 -LEADER
fixed length control field 00363nam a22001337a 4500
020 ## - INTERNATIONAL STANDARD BOOK NUMBER
International Standard Book Number 9780340968369
100 ## - MAIN ENTRY--PERSONAL NAME
Personal name Huxley-Binns, Rebecca
245 ## - TITLE STATEMENT
Title Unlicking Legal Learning /
Statement of responsibility, etc. Rebecca Huxley-Binns and et all
250 ## - EDITION STATEMENT
Edition statement 2nd Edition.
260 ## - PUBLICATION, DISTRIBUTION, ETC.
Place of publication, distribution, etc. United Kingdom:
Name of publisher, distributor, etc. Hodder Education,
Date of publication, distribution, etc. 2008.
300 ## - PHYSICAL DESCRIPTION
Extent 322 p.
563 ## - BINDING INFORMATION
Binding note PB.
942 ## - ADDED ENTRY ELEMENTS (KOHA)
Source of classification or shelving scheme
Koha item type Book
Holdings
Withdrawn status Lost status Source of classification or shelving scheme Damaged status Not for loan Permanent Location Current Location Date acquired Total Checkouts Full call number Barcode Date last seen Price effective from Koha item type
          NUST Law School (NLS) NUST Law School (NLS) 05/16/2025   340.072073 HUX NLSD-101 05/16/2025 05/16/2025 Book
© 2023 Central Library, National University of Sciences and Technology. All Rights Reserved.